000
00300cam a2200121ua 4500
082
_a
332.1
_b
SAY/BA
100
_a
Sayers, R.S .
_9
1952
245
_a
Banking in the British Commonwealth /
250
_a
1 /
260
_a
:
_b
Oxford at the Clarendon Press ,
_c
1954.
300
_a
477 ; .
942
_c
BK
999
_c
2128
_d
2128